Brexit a jeho vplyv na migráciu a jazyk
Referendum o brexite (odchod Spojeného kráľovstva z EÚ) 23. júna 2016. Rozhodnutie parlamentu Spojeného kráľovstva o vystúpení z EÚ. Írske hranice. Brexit a migrácia. Vplyv prisťahovalcov na ekonomiku Spojeného kráľovstva. Brexit a jazyk Európskej únie.
Salvato in:
| Autore principale: | |
|---|---|
| Natura: | Capitolo di libro |
| Lingua: | slovacco |
| Soggetti: | |
| Tags: |
Nessun Tag, puoi essere il primo ad aggiungerne!!
|
MARC
| LEADER | 00000naa$a2200000$$$4500 | ||
|---|---|---|---|
| 001 | 0258975 | ||
| 005 | 20240502074110.2 | ||
| 041 | 0 | |a slo | |
| 044 | |a SK | ||
| 245 | 1 | 0 | |a Brexit a jeho vplyv na migráciu a jazyk |c Eva Stradiotová |
| 520 | |a Referendum o brexite (odchod Spojeného kráľovstva z EÚ) 23. júna 2016. Rozhodnutie parlamentu Spojeného kráľovstva o vystúpení z EÚ. Írske hranice. Brexit a migrácia. Vplyv prisťahovalcov na ekonomiku Spojeného kráľovstva. Brexit a jazyk Európskej únie. | ||
| 610 | 2 | 0 | |a politika medzinárodná |
| 610 | 2 | 0 | |a vzťahy medzinárodné |
| 610 | 2 | 0 | |a migrácia |
| 610 | 2 | 0 | |a angličtina |
| 610 | 2 | 0 | |a Spojené kráľovstvo |
| 610 | 2 | 0 | |a referendum |
| 610 | 2 | 0 | |a brexit |
| 100 | 1 | |a Stradiotová, Eva, 1963- | |